Дело по представлению Тверского губернатора о найме дома купца Тыранова в городе Бежецке Тверской губернии для помещения присутс...

Доступно только в Электронных читальных залах Найти на картеНа карте
RUSMARC
00003769nmc2a22000003x 450
001dcfca1b9-7451-4830-b9fc-daf53504b305
00520181016024619.0
100##$a20161010l18491853k l0rusy0189 ca
1010#$arus
102##$aRU
2001#$aДело по представлению Тверского губернатора о найме дома купца Тыранова в городе Бежецке Тверской губернии для помещения присутственных мест
$j10 августа 1849 г. - 16 сентября 1853 г.
251##$cДело
300##$aДело
801#0$aRU
$bРГИА
$c20161010
$gRCR
801#1$aRU
$bГлавНИВЦ
$c20161010
$2rusmarc
801#2$aRU
$bПБ им. Б.Н. Ельцина
$c20181016
$gRCR
$2rusmarc
850##$aРГИА
852##$aРГИА
$eФедеральное казенное учреждение "Российский государственный исторический архив" (РГИА)
$j2276
937##$hРГИА
$d12217418
$aASBIBLIO_SCAN
462#0$10011f2612a5-dcc7-4853-9c3b-606260869072
$12001
$a1848-1849 гг. Дела Департамента полиции исполнительной МВД за 1849 г.
$1251
$cОпись
$1852
$j11
461#0$10013e300ed0-cd39-49af-8489-5ba5b90fa401
$12001
$aДепартамент полиции исполнительной МВД
$1251
$cФонд
$1852
$j1286
215##$a59 л.
$d36,5х26 см
$cплан.
371##$aДокумент не является опубликованным и широко распространяемым
105##$ae###
1222#$ad
035##$adcfca1b9-7451-4830-b9fc-daf53504b305
856##$uhttp://readingroom.main.prlib.ru/item.aspx?id_node=n119373384&mode=full
Формат отображения